书目信息 |
| 题名: |
安全常识
|
|
| 作者: | 王金荣 编 | |
| 分册: | ||
| 出版信息: | 中国轻工 2009.01 |
|
| 页数: | 156页 | |
| 开本: | 20cm | |
| 丛书名: | ||
| 单 册: | ||
| 中图分类: | X956 | |
| 科图分类: | ||
| 主题词: | 劳动安全科学 , 劳动保护科学 , 安全学 | |
| 电子资源: | ||
| ISBN: | 978-7-5019-6542-7 | |
| 000 | 00651nam0 2200253 45 | |
| 001 | 0942858272 | |
| 005 | 20091012115504.73 | |
| 010 | @a978-7-5019-6542-7@dCNY20.00 | |
| 100 | @a20090515d2009 ekmy0 y0120 ea | |
| 102 | @aCN@b130000 | |
| 102 | @aCN@b110000 | |
| 105 | @ay z 000yy | |
| 200 | 1 | @a安全常识@f王金荣编@Fwang jin rong bian |
| 210 | @c中国轻工@d2009.01 | |
| 210 | @a北京@c中国轻工业出版社 | |
| 215 | @a156页@d20cm | |
| 606 | 0 | @a劳动安全科学 |
| 606 | 0 | @a劳动保护科学 |
| 606 | 0 | @a安全学 |
| 690 | @aX956@v4 | |
| 701 | 0 | @a王金荣@Awang jin rong@4编 |
| 801 | 0 | @aCN@c20091012 |
| 905 | @a10447@dX956@eW237 | |
| 906 | @d20@n2@r1 | |
| 安全常识/王金荣编.-中国轻工,2009.01.-北京:中国轻工业出版社 |
| 156页;20cm |
| ISBN 978-7-5019-6542-7:CNY20.00 |
| ● |
| 相关链接 |
|
|
|
正题名:安全常识
索取号:X956/W237
 
预约/预借
| 序号 | 登录号 | 条形码 | 馆藏地/架位号 | 状态 | 备注 |
| 1 | 897073 | 208970737 | 自科库501/501自科库 122排2列4层/ [索取号:X956/W237] | 在馆 | |
| 2 | 897074 | 208970746 | 自科库501/501自科库 122排2列4层/ [索取号:X956/W237] | 在馆 |